This present darkness / (Record no. 2009)
[ view plain ]
| 000 -LEADER | |
|---|---|
| fixed length control field | 01224cam a2200337 a 4500 |
| 001 - CONTROL NUMBER | |
| control field | 30619 |
| 003 - CONTROL NUMBER IDENTIFIER | |
| control field | GBCCL |
| 005 - DATE AND TIME OF LATEST TRANSACTION | |
| control field | 20241126110415.0 |
| 008 - FIXED-LENGTH DATA ELEMENTS--GENERAL INFORMATION | |
| fixed length control field | 860205s1986 ilu 000 1 eng |
| 010 ## - | |
| -- | 86070279 |
| 020 ## - INTERNATIONAL STANDARD BOOK NUMBER | |
| International Standard Book Number | 0891073906 (pbk.) : |
| Terms of availability | $8.95 |
| 020 ## - INTERNATIONAL STANDARD BOOK NUMBER | |
| International Standard Book Number | 9780891073901 (pbk.) |
| 029 1# - | |
| -- | NZ1 |
| -- | 3084287 |
| 035 ## - SYSTEM CONTROL NUMBER | |
| System control number | (OCoLC)ocm15063430 |
| 035 ## - SYSTEM CONTROL NUMBER | |
| System control number | (OCoLC)15063430 |
| 040 ## - CATALOGING SOURCE | |
| Original cataloging agency | DLC |
| Transcribing agency | DLC |
| Modifying agency | OCL |
| -- | XY4 |
| -- | TBS |
| -- | BTCTA |
| -- | LBB |
| 049 ## - | |
| -- | LBBK |
| -- | LBBA |
| 050 00 - | |
| -- | PS3566.E691317 |
| -- | T4 1986 |
| 082 00 - DEWEY DECIMAL CLASSIFICATION NUMBER | |
| Classification number | 813.54 |
| Edition information | 19 |
| Item number | PER |
| 090 ## - LOCALLY ASSIGNED LC-TYPE CALL NUMBER (OCLC); LOCAL CALL NUMBER (RLIN) | |
| Classification number (OCLC) (R) ; Classification number, CALL (RLIN) (NR) | PX10 |
| Local cutter number (OCLC) ; Book number/undivided call number, CALL (RLIN) | P4151t |
| 100 1# - MAIN ENTRY--PERSONAL NAME | |
| Personal name | Peretti, Frank E. |
| 9 (RLIN) | 4118 |
| 245 10 - TITLE STATEMENT | |
| Title | This present darkness / |
| Statement of responsibility, etc. | Frank E. Peretti. |
| 260 ## - PUBLICATION, DISTRIBUTION, ETC. | |
| Place of publication, distribution, etc. | Westchester, Ill. : |
| Name of publisher, distributor, etc. | Crossway Books, |
| Date of publication, distribution, etc. | c1986. |
| 300 ## - PHYSICAL DESCRIPTION | |
| Extent | 375 p. ; |
| Dimensions | 22 cm. |
| 520 ## - SUMMARY, ETC. | |
| Summary, etc. | In this trail-blazing novel on spiritual warfare, a prayerful pastor and a hard-boiled reporter compare notes and find themselves fighting a plot to subjugate the human race. A prayerful pastor and a hard-boiled reporter fight a plot to subjugate the human race. |
| 650 #0 - SUBJECT ADDED ENTRY--TOPICAL TERM | |
| Topical term or geographic name entry element | New Age movement |
| Form subdivision | Fiction. |
| 9 (RLIN) | 4119 |
| 650 #0 - SUBJECT ADDED ENTRY--TOPICAL TERM | |
| Topical term or geographic name entry element | Baal (Deity) |
| Form subdivision | Fiction. |
| 9 (RLIN) | 4120 |
| 650 #0 - SUBJECT ADDED ENTRY--TOPICAL TERM | |
| Topical term or geographic name entry element | Christian fiction. |
| 9 (RLIN) | 4121 |
| 650 #0 - SUBJECT ADDED ENTRY--TOPICAL TERM | |
| Topical term or geographic name entry element | Allegories. |
| 9 (RLIN) | 4122 |
| 942 ## - ADDED ENTRY ELEMENTS (KOHA) | |
| Source of classification or shelving scheme | Dewey Decimal Classification |
| Koha item type | Books |
| Koha issues (borrowed), all copies | 3 |
| Withdrawn status | Lost status | Source of classification or shelving scheme | Damaged status | Not for loan | Home library | Current Library | Shelving location | Date acquired | Total checkouts | Full call number | Barcode | Date last seen | Copy number | Price effective from | Koha item type | Date last checked out |
|---|---|---|---|---|---|---|---|---|---|---|---|---|---|---|---|---|
| Dewey Decimal Classification | GRACE BIBLE COLLEGE | GRACE BIBLE COLLEGE | General Studies | 2017-06-06 | 813.54 PER | 006137 | 2025-05-01 | c.1 | 2017-06-06 | Books | ||||||
| Dewey Decimal Classification | GRACE BIBLE COLLEGE | GRACE BIBLE COLLEGE | General Studies | 2017-06-06 | 1 | 813.54 PER | 007490 | 2025-05-01 | c.2 | 2017-06-06 | Books | 2023-09-25 | ||||
| Dewey Decimal Classification | GRACE BIBLE COLLEGE | GRACE BIBLE COLLEGE | General Studies | 2021-09-02 | 3 | 813.54 PER | 004759 | 2026-01-27 | c.3 | 2021-09-02 | Books | 2026-01-23 |